Présentateurs/trices du Groupe TF1 - Statistiques

Statistiques générales
  • Ce quiz a été pris 540 fois
  • Le résultat moyen est 13 sur 33
Statistiques - réponses
Hint Réponse % Correct
Les Douze Coups de midi Jean-Luc Reichmann
91%
The Voice Nikos Aliagas
90%
Koh-Lanta Denis Brogniart
81%
Vendredi tout est permis Arthur
77%
Danse avec les stars Camille Combal
74%
Quotidien Yann Barthès
69%
24h Pujadas (LCI) David Pujadas
68%
Miss France (depuis 1995) Jean-Pierre Foucault
68%
Sept à huit Harry Roselmack
59%
Petits Plats en équilibre Laurent Mariotte
59%
Le 13h/Le 20h (le week-end) Anne-Claire Coudray
55%
Le 20h (la semaine) Gilles Bouleau
49%
Le Big Bêtisier Christophe Beaugrand
47%
Présentatrice Météo (depuis 1992 sur TF1 et LCI) Évelyne Dhéliat
46%
Ninja Warrior (ancienne Miss France) Iris Mittenaere
46%
Joker du 13h (la semaine) Jacques Legros
42%
Téléfoot Grégoire Margotton
33%
Le 13h (la semaine) Marie-Sophie Lacarrau
31%
Joker du 13h/20h (le week-end) Audrey Crespo-Mara
30%
Joker du 20h (la semaine) Julien Arnaud
30%
Téléshopping (depuis 2008) Marie-Ange Nardi
30%
90' Enquêtes Tatiana Silva
30%
Chroniques criminelles Karine Ferri
27%
50 minutes inside Isabelle Ithurburu
26%
C'est Canteloup Hélène Mannarino
24%
La Bataille des Clans Elsa Fayer
13%
Le 20h (LCI) Darius Rochebin
12%
Le 6/9 (LCI depuis 2023) Jean-Baptiste Boursier
8%
Super Nanny Sylvie Jenaly
7%
La Villa des cœurs brisés Lucie Mariotti
6%
Quatre mariages pour une lune de miel Élodie Villemus
5%
Automoto Jean-Pierre Gagick
4%
Le temps de l'info (LCI) Élizabeth Martichoux
2%
Aucun quiz correspondant
Distribution des résultats
% des personnes avec chaque résultat
Percentile par nombre de réponses
Votre historique - résultats
Vous n’avez pas pris ce quiz